000 00698nam a2200253Ia 4500
003 OSt
005 20220918200629.0
006 a|||||r|||| 00| 0
007 ta
008 220917b |||||||| |||| 00| 0 eng d
024 _a89,633
037 _cTextual
040 _aARTS
_cARTS
_beng
041 _2eng
_aeng
082 _aU287.65, L7 (906)
100 _aOjo Oyediran
_994942
245 0 _aClimates of West Africa
260 _aLondon
_bHeinemann
_c1977
300 _axvii,218p. fig,tables
_ccm.
500 _aBibv 210-14p; Glossary 215-16p; App 200-09p
650 _aGEOGRAPHY
942 _hU287.65, L7 (906)
_cTEXL
_2CC
999 _c213303
_d213303